00426nam a2200157Ia 4500008004100000020001800041082001700059100001700076245003700093250000800130260004200138300002700180500001900207600002700226650001500253240925s9999 xx 000 0 und d a9788131718889 a621.4021 JOE aJoel, Rayner 0aBasic Engineering Thermodynamics a5th aNew Delhi:bPearson Educationc,2009. axiv,555p.b0fOriginal aIncludes Index aEngineering Technology aTechnology